Нормален изглед
MARC изглед
- Уайлд, Оскар
Вход 01. Лично име
001 - Контролен номер на записа
- Контролно поле: 132080
003 - Код на организацията, даваща контролен номер
- Контролно поле: BLK
005 - Дата и час на последна промяна на записа
- Контролно поле: 20241104111038.0
008 - Данни с фиксирана дължина – обща информация
- Данни с фиксирана дължина : 180403n| acnz|abbn | aba d
100 1# - ИМЕ НА ЛИЦЕ -ПЪРВИЧНА ИНТЕЛЕКТУАЛНА ОТГОВОРНОСТ
- Лично име: Уайлд, Оскар
- Дати, свързани с автора: 1854 - 1900
- Друга информация: Английски писател, поет, драматург
- Пълна форма на името: Уайлд, Оскар Фингъл О'Флеърти Уилс
942 ## - Системна служебна употреба
- Koha auth type: PERSO_NAME